000 00382 a2200169 4500
001 184444
020 _a85-08-07746-7
040 _cMagnum
100 _aBrezinha, Thomas
240 1 0 _aAs aparências enganam
_lpor
245 1 0 _aAs aparências enganam
300 _a96
362 0 _a2002
440 1 _aÁtica
697 _aLITERATURA INFANTO-JUVENIL ESTRANGEIRA
942 _cBK
999 _c184444
_d184444